00442nam a2200145 a 4500008004100000050001400041100001900055245004800074246005300122260004000175300002100215350000900236650003700245650001400282120416s1966 ||||||||||||||||| || u aHD 82 Hol aHolt, Robert T14aThe political basis of economic development aan exploration in comparative political analysis aPrinceton, N.J.bVan Nostrandc1966 avi, 410p. : ill. a0.00 aPOLITICAL ECONOMICS--DEVELOPMENT 0aECONOMICS